Análisis conceptual del derecho a la tierra de los pueblos indígenas según el derecho internacional /

Obra ganadora de la tercera versión del Concurso Cuenta tu tesis en Derechos Humanos, realizado en 2014, titulada “Análisis conceptual del derecho a la tierra de los pueblos indígenas según el Derecho Internacional”, del autor Daniel Rojas Bastidas, egresado de Derecho de la Pontificia Universidad C...

Full description

Bibliographic Details
Main Author: Rojas Bastidas, Daniel Patricio
Corporate Author: INDH (Chile)
Other Authors: Núñez Poblete, Manuel Antonio
Format: Libro
Language:Spanish
Published: Santiago, Chile Pontificia Universidad Católica de Valparaíso, Facultad de Derecho, Escuela de Derecho Instituto Nacional de Derechos Humanos 2014
Subjects:
Online Access:Acceso electrónico al documento

MARC

LEADER 00000cam a2200000 a 4500
001 023509
003 UAHC_CL
005 20170803122249.0
008 170313s2014 cl 000 spa
020 |a 9789569025587 
040 |a UAHC_CL  |c UAHC_CL  |d UAHC_CL 
082 0 4 |a 980.43  |b R741  |2 20 
100 1 |a Rojas Bastidas, Daniel Patricio 
245 1 0 |a Análisis conceptual del derecho a la tierra de los pueblos indígenas según el derecho internacional /  |c Daniel Patricio Rojas Bastidas ; profesor guía: Manuel Núñez Poblete. 
260 |b Pontificia Universidad Católica de Valparaíso, Facultad de Derecho, Escuela de Derecho  |b Instituto Nacional de Derechos Humanos  |a Santiago, Chile  |c 2014 
300 |a 65 p. 
502 |a Memoria para optar al grado de Licenciado en Ciencias Jurídicas. 
520 |a Obra ganadora de la tercera versión del Concurso Cuenta tu tesis en Derechos Humanos, realizado en 2014, titulada “Análisis conceptual del derecho a la tierra de los pueblos indígenas según el Derecho Internacional”, del autor Daniel Rojas Bastidas, egresado de Derecho de la Pontificia Universidad Católica de Valparaíso. El trabajo, que contó con la supervisión del profesor Manuel Núñez Poblete, constituye una amplia sistematización del derecho humano a la tierra de los pueblos indígenas a través de un estudio que recopila e identifica sus fundamentos, naturaleza jurídica, características y relaciones de este derecho con otros derechos fundamentales y con el derecho en general, para así otorgar una mayor protección a estos pueblos y divulgar sus derechos. El trabajo destaca, por una parte, la importancia de la tierra como principal medio en el cual se desenvuelven y relacionan los pueblos indígenas, desarrollando lazos culturales, religiosos y alimentarios, y como la base sobre el cual descansan el derecho a la autodeterminación, la participación y la consulta; y por otra parte, la amenaza permanente que enfrentan en su derecho colectivo a la tierra. 
650 4 |a PUEBLOS INDIGENAS  |x TENENCIA DE LA TIERRA  |z CHILE 
650 4 |a DERECHOS DE LOS PUEBLOS INDIGENAS  |z CHILE 
650 4 |a TENENCIA DE LA TIERRA  |x ASPECTOS JURIDICOS  |z CHILE 
653 |a SOCIOLOGIA 
653 |a DERECHO 
700 1 |a Núñez Poblete, Manuel Antonio 
710 1 |a INDH (Chile) 
856 |u http://bibliotecadigital.indh.cl/handle/123456789/768  |3 Acceso electrónico al documento  |y Acceso electrónico al documento 
900 |a 980.43 ROJ 
942 |c BK 
952 |0 0  |1 0  |4 0  |6 980_430000000000000_ROJ  |7 0  |8 General  |9 47001  |a BC  |b BC  |c General  |d 2017-08-03  |l 0  |o 980.43 ROJ  |p 2009  |r 2026-01-13 00:00:00  |t 1  |w 2017-08-03  |y BK 
999 |c 23509  |d 23509